Ways to access a legacy of mess (Record no. 72109)
[ view plain ]
| 000 -LEADER | |
|---|---|
| fixed length control field | 01543cam a2200253 4500 |
| 001 - CONTROL NUMBER | |
| control field | ABS66431 |
| 008 - FIXED-LENGTH DATA ELEMENTS--GENERAL INFORMATION | |
| fixed length control field | 030213n2003 000 0 eng u |
| 035 ## - SYSTEM CONTROL NUMBER | |
| System control number | (Sirsi) u121341 |
| 100 ## - MAIN ENTRY--PERSONAL NAME | |
| Personal name | McMahon, P. |
| 245 ## - TITLE STATEMENT | |
| Title | Ways to access a legacy of mess |
| 260 ## - PUBLICATION, DISTRIBUTION, ETC. | |
| Date of publication, distribution, etc. | 2003 |
| 490 ## - SERIES STATEMENT | |
| Series statement | Estates Gazette |
| Volume/sequential designation | (0305) 1 February 2003, 138-139(2) |
| 520 ## - SUMMARY, ETC. | |
| Summary, etc. | Examines the legal duty of local authorities to assess and remediate contaminated land. Provides a legal definition of contaminated land and points out that DEFRA and the Environment Agency set the rules for local authorities. Outlines the new assessment procedures including the Contaminated Land Exposure Assessment (CLEA) and the Soil Guideline Values (SGV) which replace the former ICRCL values. Suggests that ground water quality is a key concern to those developing land and highlights the main issues of leaching, rainwater infiltration and groundwater vulnerability. Sets out the stages that follow the identification of contaminated land and briefly looks at waste reduction efforts. Concludes that a more proactive approach to remediation is necessary in the light of brownfield development requirements in PPG3. Table highlighting derelict land and housing demand. |
| 590 ## - LOCAL NOTE (RLIN) | |
| Local note | ABS |
| 650 ## - SUBJECT ADDED ENTRY--TOPICAL TERM | |
| Topical term or geographic name entry element | CONTAMINATED LAND |
| 650 ## - SUBJECT ADDED ENTRY--TOPICAL TERM | |
| Topical term or geographic name entry element | DERELICT LAND |
| 650 ## - SUBJECT ADDED ENTRY--TOPICAL TERM | |
| Topical term or geographic name entry element | CONTAMINATED LAND EXPOSURE ASSESSMENT |
| 650 ## - SUBJECT ADDED ENTRY--TOPICAL TERM | |
| Topical term or geographic name entry element | SOIL GUIDELINE VALUES |
| 650 ## - SUBJECT ADDED ENTRY--TOPICAL TERM | |
| Topical term or geographic name entry element | GROUNDWATER |
| 650 ## - SUBJECT ADDED ENTRY--TOPICAL TERM | |
| Topical term or geographic name entry element | REMEDIATION |
| 650 ## - SUBJECT ADDED ENTRY--TOPICAL TERM | |
| Topical term or geographic name entry element | BROWNFIELD SITES |
| 690 ## - LOCAL SUBJECT ADDED ENTRY--TOPICAL TERM (OCLC, RLIN) | |
| Topical term or geographic name as entry element | ENVIRONMENT-CONTAMINATION |
| 942 ## - ADDED ENTRY ELEMENTS (KOHA) | |
| Suppress in OPAC | 0 |
| Withdrawn status | Lost status | Source of classification or shelving scheme | Damaged status | Not for loan | Home library | Current library | Shelving location | Date acquired | Total Checkouts | Full call number | Barcode | Date last seen | Copy number | Price effective from | Koha item type |
|---|---|---|---|---|---|---|---|---|---|---|---|---|---|---|---|
| Dewey Decimal Classification | London | London | Journal article | 13/02/2003 | ABS66431 | 121341-1001 | 06/08/2019 | 1 | 06/08/2019 | Journal article |